Propaladia / (Registro nro. 166526)
[ vista simple ]
| 000 -LEADER | |
|---|---|
| campo de control de longitud fija | 01242nam a2200253 i 4500 |
| 001 - NÚMERO DE CONTROL | |
| campo de control | 166526 |
| 003 - IDENTIFICADOR DE NÚMERO DE CONTROL | |
| campo de control | ES-MaACL |
| 005 - FECHA Y HORA DE LA ÚLTIMA TRANSACCIÓN | |
| campo de control | 20250824211013.0 |
| 008 - DATOS DE LONGITUD FIJA--INFORMACIÓN GENERAL | |
| campo de control de longitud fija | 990910m18801890sp |||| | spa d |
| 080 ## - NÚMERO DE LA CLASIFICACIÓN DECIMAL UNIVERSAL | |
| Número de la Clasificación Decimal Universal | 821.134.2-22"15" |
| 080 ## - NÚMERO DE LA CLASIFICACIÓN DECIMAL UNIVERSAL | |
| Número de la Clasificación Decimal Universal | 821.134.2-12"15" |
| 100 1# - ENTRADA PRINCIPAL--NOMBRE DE PERSONA | |
| Nombre de persona | Torres Naharro, Bartolomé de. |
| 9 (RLIN) | 110993 |
| 245 10 - MENCIÓN DEL TÍTULO | |
| Título | Propaladia / |
| Mención de responsabilidad, etc. | de Bartolomé de Torres Naharro ... ; reimprímela, seguida de observaciones acerca de su importancia en la historia del teatro español, acompañada de noticias bibliográficas e ilustrada con sumaria explicación de los vocablos oscuros, D. Manuel Cañete. |
| 260 ## - PUBLICACIÓN, DISTRIBUCIÓN, ETC. | |
| Lugar de publicación, distribución, etc. | Madrid : |
| Nombre del editor, distribuidor, etc. | Librería de los Bibliófilos : |
| -- | Fernando Fe, |
| Fecha de publicación, distribución, etc. | 1880-1890 ( |
| Fabricante | Imp. de Aribau y Compañía, sucesores de Rivadeneyra) |
| 300 ## - DESCRIPCIÓN FÍSICA | |
| Extensión | 2 v. (X 429 ; CLIII, 417 p.) ; |
| Dimensiones | 19 cm. |
| 490 1# - MENCIÓN DE SERIE | |
| Mención de serie | Libros de antaño ; |
| Designación de volumen o secuencia | 9-10 |
| 594 ## - Nota al título y mención de responsabilidad | |
| Nota al título y mención de responsabilidad | El v. 2 incluye un extenso estudio crítico de M. Menéndez y Pelayo. |
| 594 ## - Nota al título y mención de responsabilidad | |
| Nota al título y mención de responsabilidad | Incluye reprod. facsímil de la port. de la obra. |
| 700 1# - ENTRADA AGREGADA--NOMBRE PERSONAL | |
| Nombre de persona | Cañete, Manuel, |
| Fechas asociadas al nombre | 1822-1891 |
| 9 (RLIN) | 34750 |
| 700 1# - ENTRADA AGREGADA--NOMBRE PERSONAL | |
| Nombre de persona | Menéndez y Pelayo, Marcelino, |
| Fechas asociadas al nombre | 1856-1912 |
| 9 (RLIN) | 80332 |
| 830 00 - PUNTO DE ACCESO ADICIONAL DE SERIE-TÍTULO UNIFORME | |
| Título uniforme | Libros de antaño |
| Designación de volumen o secuencia | 9-10 |
| 9 (RLIN) | 188315 |
| 852 ## - LOCALIZACIÓN | |
| Ubicación | ES-MaACL |
| Número de control de estantería | F-13538-39 |
| Nota libre | - Enc. hol. |
| Estatus retirado | Estado de pérdida | Estado de daño | No para préstamo | Colección | Biblioteca de origen | Biblioteca actual | Ubicación en estantería | Fecha de adquisición | Total de préstamos | Signatura topográfica completa | Código de barras | Visto por última vez | Precio de reemplazo | Tipo de ítem Koha |
|---|---|---|---|---|---|---|---|---|---|---|---|---|---|---|
| Libros del s. XIX | Biblioteca del Ateneo de Madrid | Biblioteca del Ateneo de Madrid | Sala Pecera Planta 2 | 17/01/2008 | F-13538-39 | 1174656 | 23/02/2023 | 23/02/2023 | Libro impreso antiguo |
